<?xml version="1.0" encoding="UTF-8"?>
<marc:record xmlns:marc="http://www.loc.gov/MARC21/slim">
   <marc:leader>00000nam a2200000 a 4500</marc:leader>
   <marc:datafield ind1="1" ind2=" " tag="100">
      <marc:subfield code="a">Kellermann, Jonathan</marc:subfield>
      <marc:subfield code="4">aut</marc:subfield>
      <marc:subfield code="e">Verfasser/-in</marc:subfield>
   </marc:datafield>
   <marc:datafield ind1="0" ind2="0" tag="245">
      <marc:subfield code="a">Säure</marc:subfield>
   </marc:datafield>
   <marc:datafield ind1="0" ind2="0" tag="245">
      <marc:subfield code="b">Ein Alex-Delaware-Roman</marc:subfield>
   </marc:datafield>
   <marc:datafield ind1="0" ind2="0" tag="245">
      <marc:subfield code="c">Jonathan Kellermann</marc:subfield>
   </marc:datafield>
   <marc:datafield ind1=" " ind2="1" tag="264">
      <marc:subfield code="a">Augsburg</marc:subfield>
      <marc:subfield code="b">Weltbild GmbH</marc:subfield>
      <marc:subfield code="c">2013</marc:subfield>
   </marc:datafield>
   <marc:datafield ind1="1" ind2=" " tag="520">
      <marc:subfield code="a">Mit sieben Jahren hatte sich Melissa Dickinson in ihrer Verzweiflung an den Therapeuten Dr. Alex Delaware gewandt. Ihre Mutter, eine berühmte Schauspielerin, hatte sich, nach einem brutalen Überfall mit Säure schwer verletzt, mehr und mehr zurückgezogen. Elf Jahre später muss Melissa Delaware erneut um Hilfe bitten. Sie hat allen Grund zur Panik: Der Mann, der ihre Mutter einst überfiel, ist aus dem Gefängnis entlassen worden und hält sich in Los Angeles auf. Doch bevor Delaware etwas unternehmen kann, ist Melissas Mutter plötzlich spurlos verschwunden ...</marc:subfield>
   </marc:datafield>
   <marc:datafield ind1=" " ind2=" " tag="020">
      <marc:subfield code="a">4026411401133</marc:subfield>
      <marc:subfield code="9">4026411401133</marc:subfield>
   </marc:datafield>
   <marc:datafield ind1=" " ind2=" " tag="500">
      <marc:subfield code="a">Aus dem  Amerikanischen von Tina Bienert und Dirk Muelder.</marc:subfield>
   </marc:datafield>
   <marc:datafield ind1=" " ind2=" " tag="300">
      <marc:subfield code="a">686 S.</marc:subfield>
   </marc:datafield>
</marc:record>
